000 00354nam a22001577a 4500
003 NUST - PNEC
005 20170116181154.0
008 160111b xxu||||| |||| 00| 0 eng d
020 _a-
040 _cLIBRARY
082 _a891.552 YOG
245 _aMoments of truth
_cYoganda Paramhansa
260 _cc.1995
300 _a121 p.
942 _2ddc
_cBK
999 _c71137
_d71137